000 00962aam a2200265 a 4500
999 _c322727
_d322727
003 BLK
005 20250222144637.0
008 181012b bu ||||| |||| 00| 0 bu d
020 _a978-619-7356-41-0
040 _aBLK
041 _aBUL
_cBUL
080 _aФизикални средства. Лечение с природни средства
_b615.83
_x(035)
_z615.83(035)
100 _aПлатен, М.
_eпърви автор
_91299
139 _aПлатен, М.
_bП 58
245 _aЕнциклопедия по природно лекуване
_cМ. Платен
260 _bАсеневци
_c2018
_aСофия
300 _a448 с.
_c22 см
380 _a61
650 0 _9253198
_aПриродолечение - наръчници и ръководства
653 7 _9194573
_aприродолечение
942 _cKNG
_2udc
_n0
_015
999 _d322727
999 _d322727
944 _k30553
_lИваничка Йорданова